Lana Del Rey (feat. RIOPY) - Grandfather please stand on the shoulders - Statistics

General Stats
  • This quiz has been taken 109 times
  • The average score is 186 of 238
Answer Stats
Answer % Correct
A
99%
a
99%
I
99%
of
99%
the
99%
Grandfather,
97%
my
97%
on
97%
please
97%
shoulders
97%
you
97%
But
96%
deep
96%
father
96%
fishing
96%
sea
96%
stand
96%
while
96%
While
96%
your
96%
Your
96%
he's
94%
me
94%
me,
94%
Three
94%
three
94%
white
94%
you're
93%
butterflies
91%
God,
90%
if
90%
If
90%
in
90%
to
90%
To
90%
be
88%
know
88%
near
88%
that
88%
an
87%
send
87%
for
82%
it
82%
It
82%
Pacific
82%
I'm
81%
they
81%
make
79%
sharks
79%
think
79%
beautiful,
78%
beautiful
78%
took
78%
Or
74%
or
74%
Some
74%
like
72%
blue,
71%
listening,
71%
green
69%
good
68%
last
68%
one
68%
they're
68%
again
66%
even
65%
experiment
65%
have
63%
intentions
63%
ones
63%
owl
63%
wrong
63%
'Cause
62%
thousands
62%
all
60%
As
60%
intended
59%
put
59%
woman
59%
else
57%
somebody
57%
don't
56%
men
54%
things
53%
together
53%
wishing
53%
believe
51%
jazz,
51%
also
50%
Frankenstein
50%
Regrettably,
50%
dreams
49%
behind
47%
big
47%
black
47%
drinking
47%
Feel
47%
people
47%
poetry,
47%
warm
47%
scenes
46%
sitting
46%
folk,
44%
spirit,
44%
bodied
41%
into
40%
up
38%
wonderful
37%
bones
35%
songs
34%
wrapped
32%
map
28%
sewing
26%
wisdom
26%
melodies
25%
deity
24%
fallible
22%
impart
22%
vision,
9%
No matching quizzes found
Score Distribution
Percent of People with Each Score
Percentile by Number Answered
Your Score History
You have not taken this quiz